A materská loď pláva... Dnes s gitaristom skupiny Team Dušanom Antalíkom

Podrobná bibliografia
Hlavní autori: Antalík, Dušan, 1958- (Autor), Suballyová, Ľubica (Autor)
Médium: Článok
Jazyk:slovenčina
Fyzický popis:Fotogr. 1
Predmet:

MARC

LEADER 00000nab a2200000 a 4500
001 vtls000529922
003 SK-MaSNL
005 20260303214054.0
008 120928c xo 0 slo
015 |a SNBRB19rr/mm-uuuuu 
035 |a CL0530060 
040 |a SNKBUCL  |b slo  |c SNKBUCL  |e AACR2 
041 0 |a slo 
044 |a xo  |c SK 
080 |a 78.071.2:787.61  |2 1981 
080 |a 787.61  |2 1981 
100 1 |a Antalík, Dušan,  |d 1958-  |4 aut  |9 237369 
245 1 0 |a A materská loď pláva...  |b Dnes s gitaristom skupiny Team Dušanom Antalíkom  |c Dušan Antalík, Ľubica Suballyová 
300 |b Fotogr. 1 
600 1 7 |a Antalík, Dušan,  |d 1958-  |2 snkbucl  |9 237369 
655 7 |a články z novín a časopisov  |2 snkbucl  |9 267496 
700 1 |a Suballyová, Ľubica  |4 aut  |9 268637 
773 0 |t Pravda  |g Roč. 4 (75), č. 235 (11. 10. 1994), s. 13 
850 |a Slovenská národná knižnica v Martine  |a MTA001 
852 |a SNK  |b KIS3GCP 
958 |a RK 
992 |a RBX 
999 |c 2215282  |d 2217212